[Event "Challenge"]
[Site "http://www.queenalice.com/game.php?id=1262079"]
[Date "2014.3.4"]
[Round "-"]
[White "Leide_Cezar"]
[Black "APSHOOTER"]
[Result "0-1"]
[WhiteElo "1517"]
[BlackElo "1532"]

1. e3 d5 2. d4 a6 3. Nf3 Nc6 4. c3 Bg4 5. b4 b5 6. Qd2 Bxf3 7. gxf3 Nf6 8. Qe2
e5 9. Bg2 e4 10. f4 Be7 11. O-O Qd7 12. h3 O-O-O 13. f3 exf3 14. Qxf3 Ne4 15.
Nd2 Nxc3 16. Bb2 Bxb4 17. a3 Ne4 18. Nxe4 dxe4 19. Qf2 Bd6 20. Bc3 Rde8 21. d5
Nd8 22. Bb4 f5 23. Rac1 Bxb4 24. axb4 Qxd5 25. Rcd1 Qc4 26. Qd2 Kb7 27. Rc1 Qe6
28. Qc3 c6 29. Rcd1 g6 30. Qg7+ Nf7 31. Qd4 Rd8 32. Qa1 Rxd1 33. Rxd1 Rd8 34.
Rd4 Rxd4 35. Qxd4 h5 36. h4 Nd6 37. Qg7+ Kb6 38. Qd4+ Kb7 39. Qe5 Qxe5 40. fxe5
Ne8 41. Bf1 Kc7 42. Be2 Ng7 43. Bd1 Kd7 44. Bb3 Ne6 45. Bxe6+ Kxe6 46. Kg2 Kxe5
47. Kg3 Kd5 48. Kf4 Kc4 49. Kg5 Kxb4 50. Kxg6 a5 51. Kxf5 a4 52. Kxe4 a3 53. Kf4
a2 54. e4 a1=Q 55. e5 Qf1+ 56. Ke4 Kc5 57. e6 Kd6 58. e7 Kxe7 59. Kd4 Qc4+ 0-1

[Event "Challenge"]
[Site "http://www.queenalice.com/game.php?id=1262249"]
[Date "2014.3.4"]
[Round "-"]
[White "Leide_Cezar"]
[Black "Knighthawk"]
[Result "0-1"]
[WhiteElo "1517"]
[BlackElo "1626"]

1. d4 d5 2. c3 Bf5 3. Na3 a6 4. Qa4+ c6 5. b4 b5 6. Qd1 e6 7. Nf3 Bd6 8. h4 h6
9. g3 Nf6 10. e3 O-O 11. Ne5 Bxe5 12. dxe5 Nfd7 13. f4 c5 14. Bd3 Bxd3 15. Qxd3
c4 16. Qe2 a5 17. Nc2 axb4 18. Nxb4 Na6 19. Nc6 Qc7 20. Ba3 Rfe8 21. Nb4 Nac5
22. Nc2 Ne4 23. O-O Nxg3 24. Qg2 Nxf1 25. Kxf1 Qa5 26. Nb4 Qxa3 27. Qc2 Qa7 28.
Qd2 Nc5 29. Nc6 Qa3 30. Nd4 Ne4 31. Qc2 Nxc3 32. Nxb5 Nxb5 33. Kf2 Nc3 34. Kf3
Ne4 35. Qc1 Qc5 36. Kg2 Ra3 37. Kf3 Rea8 38. Qb2 Qxe3+ 39. Kg2 Qg3+ 40. Kf1 Rf3+
41. Ke2 Qf2+ 0-1

[Event "FemaleTournament"]
[Site "http://www.queenalice.com/game.php?id=1264299"]
[Date "2014.3.12"]
[Round "1"]
[White "Candida80"]
[Black "Leide_Cezar"]
[Result "0-1"]
[WhiteElo "1415"]
[BlackElo "1505"]

1. g3 d5 2. b3 e5 3. Bb2 Bd6 4. Nf3 Nc6 5. h4 Nf6 6. Nc3 O-O 7. d4 e4 8. Ne5
Nxe5 9. dxe5 Bxe5 10. h5 Bg4 11. Bh3 Bxh5 12. f4 Bd6 13. O-O Bg4 14. Bxg4 Nxg4
15. Qd2 Bc5+ 16. Kg2 Ne3+ 17. Kh3 Qd7+ 18. Kh2 Ng4+ 19. Kh3 Nf2+ 20. Kg2 Qh3+
21. Kg1 Qxg3# 0-1

[Event "Challenge"]
[Site "http://www.queenalice.com/game.php?id=1267711"]
[Date "2014.3.24"]
[Round "-"]
[White "Leide_Cezar"]
[Black "serard1"]
[Result "1-0"]
[WhiteElo "1502"]
[BlackElo "1483"]

1. d4 c6 2. e4 d6 3. Nf3 Nf6 4. Bd3 Bg4 5. O-O d5 6. Qe2 e6 7. e5 Ne4 8. Bxe4
dxe4 9. Qxe4 Bxf3 10. Qxf3 Qxd4 11. Qe3 Qc4 12. Qd3 Qg4 13. Qf3 h5 14. Nd2 Na6
15. a3 Nc5 16. Qxg4 hxg4 17. Nc4 Nd7 18. Bf4 O-O-O 19. Rad1 Be7 20. Bg3 b5 21.
Nd6+ Kc7 22. Nxf7 Rdf8 23. Nxh8 Rxh8 24. b4 Nxe5 25. Bxe5+ Kc8 26. Bxg7 Rg8 27.
Be5 Rg5 28. Bg3 e5 29. f4 Rf5 30. Rde1 a5 31. c3 c5 32. Rxe5 Rf7 33. Rd1 axb4
34. axb4 cxb4 35. cxb4 Bxb4 36. Rxb5 Bc3 37. Rc5+ Rc7 38. Rxc7+ Kxc7 39. f5+ 1-0

[Event "Challenge"]
[Site "http://www.queenalice.com/game.php?id=1278550"]
[Date "2014.5.3"]
[Round "-"]
[White "Leide_Cezar"]
[Black "serard1"]
[Result "1-0"]
[WhiteElo "1520"]
[BlackElo "1514"]

1. d4 b6 2. e3 d5 3. b4 Nf6 4. Bb5+ c6 5. Bd3 e6 6. Nf3 Bxb4+ 7. c3 Bd6 8. Ne5
O-O 9. Ng4 Ba6 10. O-O Bxd3 11. Qxd3 Nxg4 12. f4 g5 13. Qe2 f5 14. g3 gxf4 15.
exf4 Qf6 16. Nd2 c5 17. Nf3 h6 18. a4 cxd4 19. cxd4 Nd7 20. Ba3 Be7 21. Bb2 Rab8
22. h3 e5 23. fxe5 Qg6 24. hxg4 fxg4 25. Nh4 Qe6 26. Rxf8+ Rxf8 27. Qd3 Bxh4 28.
gxh4 Rf3 29. Qe2 Rg3+ 30. Kf2 Rf3+ 31. Ke1 Rh3 32. Kd2 Rxh4 33. Rc1 Qf5 34. Qd3
Qf2+ 35. Qe2 Qf4+ 36. Kc3 g3 37. Kb4 Rh2 38. Qd3 Rxb2+ 39. Kc3 Ra2 40. Kb4 Nc5
41. Kb5 1-0

[Event "Challenge"]
[Site "http://www.queenalice.com/game.php?id=1278551"]
[Date "2014.5.3"]
[Round "-"]
[White "Knighthawk"]
[Black "Leide_Cezar"]
[Result "0-1"]
[WhiteElo "1609"]
[BlackElo "1517"]

1. d4 d5 2. c4 Nf6 3. c5 Nc6 4. e3 Bf5 5. Nc3 Ne4 6. Nxe4 dxe4 7. Bc4 e6 8. h3
a6 9. Ne2 Be7 10. Ng3 Bg6 11. O-O b5 12. Bb3 O-O 13. Qg4 Qd7 14. d5 f5 15. Qe2
exd5 16. Qc2 Bf6 17. a3 Na5 18. Ba2 c6 19. b4 Bxa1 20. bxa5 Be5 21. Bb2 Bxb2 22.
Qxb2 Qf7 23. f4 Qf6 24. Qf2 Qc3 25. h4 h5 26. Ne2 Qxa3 27. Bb1 Qxa5 28. Ng3 Qc3
29. Bc2 Qxc5 30. Bd1 Qe7 31. Bxh5 Bh7 32. Ne2 g6 33. Bxg6 Bxg6 34. Qg3 Qh7 35.
Qg5 Ra7 36. h5 Qxh5 37. Qxh5 Bxh5 38. Ng3 Bg4 39. Rc1 Rc7 40. Kf2 Rff7 41. Rh1
Rh7 42. Ra1 Ra7 43. Ra5 c5 0-1

[Event "Challenge"]
[Site "http://www.queenalice.com/game.php?id=1280560"]
[Date "2014.5.10"]
[Round "-"]
[White "Leide_Cezar"]
[Black "Candida80"]
[Result "1-0"]
[WhiteElo "1505"]
[BlackElo "1489"]

1. d4 d5 2. c3 Nc6 3. Nf3 e6 4. e3 f6 5. g4 f5 6. gxf5 g6 7. fxg6 hxg6 8. Ne5
Nxe5 9. dxe5 c6 10. e4 Rh5 11. Be2 Rh4 12. exd5 exd5 13. a4 b5 14. axb5 a6 15.
f4 c5 16. c4 dxc4 17. Qxd8+ Kxd8 18. Bxc4 Ne7 19. bxa6 Bd7 20. b3 Bg4 21. Nc3
Bf3 22. Rg1 Rxh2 23. Be3 Nf5 24. Nd1 Rb8 25. Rxg6 Nxe3 26. Rc1 Nxd1 27. Rxd1+
Bxd1 28. Kxd1 Bh6 29. Rg8+ Kc7 30. Rxb8 Kxb8 31. f5 Rh5 32. Bd3 Rh1+ 33. Kc2 Ka7
34. e6 Re1 35. Bc4 Bg5 36. Bd3 Ra1 37. Bc4 Rf1 38. Bxf1 Kb8 39. Bb5 Bf6 40. Kd3
Ka7 41. Kc4 Kb6 42. a7 Kxa7 43. Kxc5 Kb7 44. Kd5 Kc7 45. Bc6 Kd8 46. b4 Ke7 47.
Bd7 Kd8 48. Kc6 1-0

[Event "Challenge"]
[Site "http://www.queenalice.com/game.php?id=1283621"]
[Date "2014.5.23"]
[Round "-"]
[White "Leide_Cezar"]
[Black "Knighthawk"]
[Result "0-1"]
[WhiteElo "1537"]
[BlackElo "1517"]

1. d4 d5 2. e3 Bf5 3. g4 Be4 4. Nf3 Qd7 5. Ne5 Qd6 6. Rg1 Nc6 7. f4 f6 8. Nd3
Bxd3 9. Bxd3 O-O-O 10. c3 a6 11. Qb3 Na5 12. Qa3 Qb6 13. Qc5 Qxc5 14. dxc5 e6
15. b4 Nc4 16. Nd2 Nxe3 17. Nb3 Nc4 18. Nd4 Re8 19. Kf2 e5 20. Bf5+ Kb8 21. Ne6
exf4 22. Bxf4 g6 23. Bxc7+ Ka8 24. Nxf8 Rxf8 25. Be6 Ne7 26. a4 f5 27. g5 Nd2
28. Bf4 Ne4+ 29. Kg2 Nxc3 30. Be5 Ne2 31. Bxh8 Nxg1 32. Rxg1 Rxh8 33. Rb1 Nc6
34. Bxd5 Nd4 35. b5 axb5 36. axb5 Rd8 37. Ra1+ Kb8 38. Bc4 Nc2 39. Kh1 Nxa1 40.
c6 bxc6 41. bxc6 Rd4 42. Be2 Kc7 43. Bf3 Nb3 44. Kg2 Na5 45. Kf2 Nxc6 46. Bxc6
Kxc6 47. Ke3 Rh4 0-1

[Event "FemaleTournament"]
[Site "http://www.queenalice.com/game.php?id=1284580"]
[Date "2014.5.28"]
[Round "2"]
[White "Leide_Cezar"]
[Black "Ana_Cris"]
[Result "1-0"]
[WhiteElo "1553"]
[BlackElo "1541"]

1. d3 Nf6 2. Nf3 h6 3. h4 d5 4. d4 Ne4 5. Nbd2 f6 6. Nxe4 dxe4 7. Ng1 Nc6 8. e3
a6 9. Be2 g6 10. Bg4 Na5 11. Bxc8 Qxc8 12. Bd2 Nc6 13. d5 Ne5 14. Bc3 Nd7 15.
Qg4 Ne5 16. Qxc8+ Rxc8 17. O-O-O Nc4 18. Rd4 b5 19. Rxe4 e5 20. Nf3 Bd6 21. Rg4
b4 22. Rxc4 bxc3 23. bxc3 h5 24. Kd2 f5 25. Ng5 Rb8 26. e4 f4 27. f3 Ke7 28. Ne6
Rb7 29. Rc6 Ra8 30. Rc4 a5 31. a4 Kd7 32. Rc6 Rab8 33. c4 Ba3 34. Ra1 Bb2 35.
Rb1 Bd4 36. Rxb7 Rxb7 37. Nf8+ Ke8 38. Nxg6 1-0

[Event "Challenge"]
[Site "http://www.queenalice.com/game.php?id=1287256"]
[Date "2014.6.9"]
[Round "-"]
[White "Knighthawk"]
[Black "Leide_Cezar"]
[Result "1-0"]
[WhiteElo "1534"]
[BlackElo "1520"]

1. d4 d5 2. c4 dxc4 3. e4 Nc6 4. d5 Ne5 5. Bf4 Ng4 6. h3 N4h6 7. Bxc4 Nf5 8.
exf5 Bxf5 9. Nc3 Qd7 10. Nf3 O-O-O 11. O-O e6 12. Ne5 Qe7 13. a3 g6 14. Qb3 b6
15. Nc6 Qd7 16. Ba6# 1-0

[Event "Challenge"]
[Site "http://www.queenalice.com/game.php?id=1288646"]
[Date "2014.6.16"]
[Round "-"]
[White "Leide_Cezar"]
[Black "Knighthawk"]
[Result "1-0"]
[WhiteElo "1536"]
[BlackElo "1573"]

1. d4 d5 2. Nf3 h6 3. e3 Bg4 4. Be2 Bxf3 5. Bxf3 Nf6 6. O-O e6 7. c3 Bd6 8. g3
O-O 9. b4 b5 10. a4 Qd7 11. Bg2 a6 12. a5 Nc6 13. f4 Ne4 14. Bb2 Ne7 15. Nd2
Nxd2 16. Qxd2 f5 17. h4 h5 18. Qe2 g6 19. Qd2 c6 20. Ba3 Rab8 21. Bh1 Rf6 22.
Rf2 Kf7 23. Bf3 Ke8 24. Kf1 Kd8 25. Bd1 Kc7 26. Rg2 Rg8 27. Bf3 Kb8 28. Ra2 Qe8
29. Ke2 Qf7 30. Kd3 Qh7 31. Kc2 Rf7 32. Ra1 Rfg7 33. Rag1 Kb7 34. Kb3 Rc8 35.
Bd1 Ng8 36. Kb2 Rgc7 37. Bf3 Nf6 38. Rc1 Ne4 39. Bxe4 fxe4 40. Rc2 Rf7 41. Qf2
Qg7 42. Ka2 Rf5 43. Kb3 Rcf8 44. Rc1 Qf7 45. g4 hxg4 46. Qg3 g5 47. hxg5 Qg6 48.
Rf2 Rh8 49. Qxg4 Rh5 50. Rg1 Be7 51. Qg3 Bf8 52. Bc1 Rf7 53. Rh2 Rxh2 54. Qxh2
Rh7 55. Qg2 Rh5 56. Rh1 Rxh1 57. Qxh1 Bg7 58. Bd2 Kc7 59. Kc2 Kd6 60. Qh2 Ke7
61. Kd1 Kd6 62. f5+ 1-0

[Event "Challenge"]
[Site "http://www.queenalice.com/game.php?id=1298203"]
[Date "2014.7.30"]
[Round "-"]
[White "Leide_Cezar"]
[Black "skimonline"]
[Result "0-1"]
[WhiteElo "1580"]
[BlackElo "1427"]

1. d4 d5 2. e3 Nc6 3. c3 e5 4. Nf3 e4 5. Ne5 Nxe5 6. dxe5 Nh6 7. c4 Bg4 8. Qxd5
Qxd5 9. cxd5 Bb4+ 10. Nd2 f5 11. Bc4 c6 12. d6 b5 13. Bb3 Nf7 14. f4 g5 15. g3
a5 16. Bd1 a4 17. a3 Bc5 18. Bxg4 fxg4 19. Nf1 O-O 20. Bd2 h5 21. b4 Bb6 22. Bc3
h4 23. Bd4 Bxd4 24. exd4 h3 25. O-O-O Nh6 26. fxg5 Nf5 27. Nd2 e3 28. Nb1 e2 29.
Rde1 Nxd4 30. Kb2 Rf2 31. Kc3 Nb3 32. Nd2 Raf8 33. Nxb3 R8f3+ 34. Kb2 axb3 35.
d7 Rd3 36. e6 Kf8 37. Rc1 e1=Q+ 38. Kb1 Qxe6 39. Rhf1 Rxf1 40. Rxf1+ Kg7 41.
d8=Q Rxd8 42. Rc1 Rd2 43. Rf1 Qg6+ 44. Kc1 Qxg5 45. Kb1 Rxh2 46. Rf4 Qg6+ 47.
Kc1 Qc2# 0-1

[Event "Challenge"]
[Site "http://www.queenalice.com/game.php?id=1298204"]
[Date "2014.7.30"]
[Round "-"]
[White "Leide_Cezar"]
[Black "APSHOOTER"]
[Result "0-1"]
[WhiteElo "1586"]
[BlackElo "1686"]

1. d4 g6 2. Nf3 Bg7 3. e3 b6 4. c4 Ba6 5. Bd3 Nf6 6. O-O d5 7. b3 O-O 8. Ne5 Qd6
9. a4 Nbd7 10. c5 bxc5 11. Bxa6 Nxe5 12. Be2 Ned7 13. Bb2 c4 14. Ba3 Qe6 15. h3
Ne4 16. Bg4 f5 17. Bf3 cxb3 18. Bb2 c5 19. Qxb3 c4 20. Qd1 Rab8 21. Ra2 Rb3 22.
Qe2 Rfb8 23. Qe1 Rxb2 24. Ra1 Qb6 25. Kh2 e5 26. Nc3 Nd2 27. Bxd5+ Kf8 28. Rh1
e4 29. Qc1 Qa5 30. Rd1 Nf3+ 31. gxf3 Rxf2+ 32. Kg1 Rbb2 33. Bxc4 Rg2+ 34. Kf1
Rbf2+ 35. Ke1 Rxf3 36. Qa3+ Ke8 37. Be2 Rxe3 38. Ra2 Rxc3 39. Qb2 Rc2+ 0-1

[Event "Challenge"]
[Site "http://www.queenalice.com/game.php?id=1298205"]
[Date "2014.7.30"]
[Round "-"]
[White "Leide_Cezar"]
[Black "Fera65"]
[Result "0-1"]
[WhiteElo "1558"]
[BlackElo "1572"]

1. d4 d5 2. e3 Nf6 3. Nf3 Nc6 4. Ne5 Nxe5 5. dxe5 Ng4 6. Qf3 Nxe5 7. Qd1 Bf5 8.
Nc3 e6 9. Nb5 a6 10. Nd4 Qf6 11. h4 Bc5 12. c3 O-O 13. Qe2 Nd3+ 14. Kd2 Bxd4 15.
cxd4 c5 16. Kd1 Be4 17. f3 cxd4 18. fxe4 Nf2+ 19. Kc2 Nxh1 20. e5 Qxh4 21. exd4
Qxd4 22. Qe3 Rac8+ 23. Kb1 Qd1 24. Qd2 Qxf1 25. b3 Nf2 26. a3 Nd1 27. Ka2 Nc3+
28. Kb2 Rc6 29. b4 Rfc8 30. Kb3 Qc4+ 31. Kc2 Ne4+ 0-1

[Event "Challenge"]
[Site "http://www.queenalice.com/game.php?id=1298206"]
[Date "2014.7.30"]
[Round "-"]
[White "Leide_Cezar"]
[Black "Severynnas"]
[Result "1-0"]
[WhiteElo "1565"]
[BlackElo "1532"]

1. d4 f5 2. Bf4 Nf6 3. e3 Ne4 4. Nd2 Nxd2 5. Qxd2 b5 6. Bxb5 e6 7. Nf3 c6 8. Ba4
Na6 9. c3 Bb7 10. h4 Qf6 11. O-O-O O-O-O 12. Bg5 Qf7 13. Ne5 Qh5 14. Bf4 d6 15.
Nf3 Be7 16. g3 c5 17. Bb3 Qxf3 18. Bxe6+ Kc7 19. Bc4 h6 20. d5 Qh5 21. Rde1 Bc8
22. Be2 Qf7 23. c4 Bd7 24. a3 g5 25. hxg5 hxg5 26. Bxg5 Bxg5 27. Bd1 Rxh1 28.
Rxh1 Bh6 29. Rxh6 Kb7 30. Rxd6 Qe7 31. Rh6 Rf8 32. f4 Nc7 33. d6 Qd8 34. dxc7
Qxc7 35. Rh7 Rd8 36. Bf3+ Kc8 37. Bd5 Qb6 38. Qc3 Rg8 39. Bxg8 Qg6 40. Rh8 Kc7
41. Qe5+ Qd6 42. Qxd6+ Kxd6 43. Rh6+ Kc7 44. Rh7 Kc6 45. Bd5+ Kd6 46. Rh6+ 1-0

[Event "Challenge"]
[Site "http://www.queenalice.com/game.php?id=1298207"]
[Date "2014.7.30"]
[Round "-"]
[White "Leide_Cezar"]
[Black "PedroBritto"]
[Result "0-1"]
[WhiteElo "1574"]
[BlackElo "1586"]

1. d4 d5 2. e3 Nf6 3. c3 e6 4. Nf3 Ne4 5. Qe2 Nd7 6. Nbd2 Ndf6 7. Nh4 Be7 8. f3
Nxd2 9. Bxd2 O-O 10. b4 b5 11. g4 Qd6 12. f4 c6 13. Bh3 Ne4 14. O-O-O Nxd2 15.
Qxd2 Bxh4 16. g5 e5 17. dxe5 Qd8 18. Bxc8 Rxc8 19. e4 h6 20. gxh6 g5 21. Rhg1
Kh7 22. fxg5 Rg8 23. exd5 Rxg5 24. d6 Rxg1 25. Rxg1 Qb6 26. Rg7+ Kh8 27. Qc2
Qe3+ 28. Kb2 Qxh6 29. Rg2 Rg8 30. Rxg8+ Kxg8 31. d7 Kf8 32. Qc1 Qxc1+ 33. Kxc1
Ke7 34. Kc2 Kxd7 35. Kd3 Ke6 36. Kd4 Bf2+ 37. Ke4 Be1 38. Kd4 Bd2 39. Kd3 Bf4
40. h3 Kxe5 41. h4 Kf5 42. Ke2 Kg4 43. h5 Kxh5 44. Kd3 f5 45. Kc2 Be5 46. a3 f4
47. Kd1 Bxc3 48. Ke2 Kg4 49. Kf2 Bb2 50. a4 bxa4 0-1

[Event "Challenge"]
[Site "http://www.queenalice.com/game.php?id=1298208"]
[Date "2014.7.30"]
[Round "-"]
[White "Leide_Cezar"]
[Black "Knighthawk"]
[Result "1-0"]
[WhiteElo "1569"]
[BlackElo "1582"]

1. d4 d5 2. e3 Bf5 3. g4 Bg6 4. h4 h6 5. Nf3 Be4 6. Bd3 Bxf3 7. Qxf3 e6 8. O-O
Bd6 9. Qh3 f6 10. Nc3 a6 11. Bg6+ Kd7 12. f4 Nc6 13. f5 exf5 14. Bxf5+ Ke7 15.
e4 dxe4 16. Be3 Bb4 17. Ne2 Qd5 18. Nf4 Qc4 19. Bxe4 Nxd4 20. Bd3 Nxc2 21. Bxc4
Nxa1 22. Rxa1 Rd8 23. Ng6+ 1-0

[Event "Challenge"]
[Site "http://www.queenalice.com/game.php?id=1303594"]
[Date "2014.8.23"]
[Round "-"]
[White "Leide_Cezar"]
[Black "serard1"]
[Result "1-0"]
[WhiteElo "1554"]
[BlackElo "1418"]

1. d4 d5 2. Nf3 f6 3. h4 b6 4. e3 Nh6 5. Nfd2 Nc6 6. c3 b5 7. Bxb5 Qd7 8. Qa4
Bb7 9. Be2 Nf5 10. b4 a6 11. Bh5+ g6 12. Bg4 h5 13. Qd1 a5 14. a4 hxg4 15. Qxg4
axb4 16. Qxg6+ Kd8 17. Nb3 Rb8 18. Nc5 Qd6 19. Qxf5 Bc8 20. Qf4 bxc3 21. Qxd6+
exd6 22. Nd3 Ba6 23. Nf4 Bc8 24. Nxc3 Bh6 25. Nfxd5 Ba6 26. Nxf6 Nb4 27. Kd1 Rf8
28. Ng4 Bg7 29. Kd2 Nd3 30. Ba3 c5 31. dxc5 dxc5 32. Ne4 Bxa1 33. Rxa1 Rg8 34.
f3 Rc8 35. Ra2 c4 36. Nc3 Rh8 37. g3 Rf8 38. Bxf8 Bb7 39. e4 Ke8 40. Bh6 Rc6 41.
Be3 Bc8 42. Nf2 Rg6 43. Bg5 Nxf2 44. Rb2 Rd6+ 45. Ke2 Nh1 46. Bf4 Rg6 47. Rb8
Kd8 48. g4 Rf6 49. Bg5 Kc7 50. Rxc8+ Kxc8 51. Bxf6 Kd7 52. Ke3 Kc7 53. Kd4 Ng3
54. Kxc4 Kd7 55. Be5 Nf1 56. Kd3 Ke6 57. f4 Nh2 58. g5 Ng4 59. Bb8 Nf2+ 60. Kd4
Kf7 61. e5 Ng4 62. a5 1-0

[Event "Challenge"]
[Site "http://www.queenalice.com/game.php?id=1306704"]
[Date "2014.9.7"]
[Round "-"]
[White "Leide_Cezar"]
[Black "Knighthawk"]
[Result "0-1"]
[WhiteElo "1566"]
[BlackElo "1673"]

1. d4 d5 2. e3 Nf6 3. c3 Ne4 4. Qa4+ c6 5. Nf3 b5 6. Qc2 Bg4 7. Nbd2 Nxd2 8.
Bxd2 e6 9. Ne5 Bf5 10. Qc1 Bd6 11. g3 O-O 12. Nf3 Nd7 13. h4 Be7 14. b4 a5 15.
a3 axb4 16. cxb4 Qc7 17. Be2 Bg4 18. Nh2 Bxe2 19. Kxe2 Nf6 20. f4 Ne4 21. Nf3
Nxg3+ 22. Kd3 Nxh1 23. Qxh1 Ra4 24. Bc3 Qa7 25. Bb2 h6 26. Ke2 Bf6 27. Qc1 Qa6
28. h5 g5 29. fxg5 Bxg5 30. Nxg5 hxg5 31. h6 Qc8 32. Qh1 Kh7 33. Rg1 f6 34. Rg2
Qc7 35. Qh2 Qxh2 36. Rxh2 Rg8 37. Kd3 Rg6 38. Kc3 Ra8 39. Kb3 Rag8 40. Rc2 Rc8
41. Bc3 Rxh6 42. Be1 g4 43. Bg3 Kg6 44. Bf4 Rh3 45. Rg2 f5 46. Re2 Rch8 47. Rg2
Rf3 48. Rc2 g3 49. Rxc6 g2 50. Rc1 Rf1 51. Rc6 g1=Q 52. Rxe6+ Kh5 53. Re5 Rb1+
54. Kc3 Qc1+ 0-1

[Event "Challenge"]
[Site "http://www.queenalice.com/game.php?id=1321113"]
[Date "2014.11.9"]
[Round "-"]
[White "Leide_Cezar"]
[Black "skimonline"]
[Result "1-0"]
[WhiteElo "1576"]
[BlackElo "1449"]

1. d4 d5 2. e3 c5 3. dxc5 h5 4. h4 Nd7 5. Be2 Nxc5 6. Nf3 f6 7. Nc3 e6 8. Bb5+
Bd7 9. Bxd7+ Qxd7 10. b4 Ne4 11. Nxe4 dxe4 12. Qxd7+ Kxd7 13. Ke2 b5 14. Rd1+
Ke8 15. Nd4 Bxb4 16. Nxb5 Ke7 17. c3 Bc5 18. Ba3 1-0

[Event "Challenge"]
[Site "http://www.queenalice.com/game.php?id=1423754"]
[Date "2016.5.19"]
[Round "-"]
[White "Leide_Cezar"]
[Black "Jomaley"]
[Result "0-1"]
[WhiteElo "1574"]
[BlackElo "1504"]

1. d4 d5 2. Nf3 f6 3. h4 h5 4. e3 Bg4 5. Nbd2 Nc6 6. Nb3 b6 7. Bb5 Qd7 8. a4 Nh6
9. c3 a6 10. Qd3 axb5 11. Qxb5 Ra5 12. Qe2 e6 13. Nxa5 bxa5 14. Qa6 Bxf3 15.
gxf3 e5 16. Qb5 exd4 17. cxd4 Nxd4 18. exd4 Qxb5 19. axb5 Bb4+ 20. Bd2 Bxd2+ 21.
Kxd2 O-O 22. Kc2 Ra8 23. b4 a4 24. Ra3 Nf5 25. Kc3 Kf7 26. Rha1 Rb8 27. Rxa4
Rxb5 28. Ra7 Nxh4 29. Rxc7+ Kg6 30. Rc5 Rb6 31. Rxd5 Nxf3 32. Kc4 h4 33. Raa5 h3
34. Kc5 Re6 35. Kc4 h2 36. Ra1 Ne1 37. Raa5 h1=Q 38. Rh5 Qc6+ 39. Rhc5 Qf3 40.
Rf5 Qd3+ 41. Kd5 Qxf5+ 42. Kc4 Qxf2 43. Rd5 Qa2+ 44. Kc5 Nd3+ 45. Kb5 Qxd5+ 0-1

[Event "zubarev - 140"]
[Site "http://www.queenalice.com/game.php?id=1568249"]
[Date "2019.4.21"]
[Round "-"]
[White "Leide_Cezar"]
[Black "zubarev"]
[Result "1-0"]
[WhiteElo "1555"]
[BlackElo "1567"]

1. Nf3 Nf6 2. d4 d5 3. Ne5 Nbd7 4. f4 e6 5. e3 Bd6 6. h4 Qe7 7. c3 O-O 8. g3 Ne4
9. Rg1 f6 10. Nxd7 Bxd7 11. Nd2 e5 12. Nxe4 dxe4 13. Qb3+ Kh8 14. Qxb7 c5 15.
Qxe4 exf4 16. Qxe7 Bxe7 17. gxf4 cxd4 18. cxd4 f5 19. Rh1 Bc6 20. Rh2 Rab8 21.
b3 Bb4+ 22. Bd2 Bd6 23. Bg2 Bb5 24. Bf1 Bxf1 25. Kxf1 Rbc8 26. Rc1 1-0